1388 1800 1252 1256 1691 1491 1786 1363 1611 1236 1427 1178 1474 1895 1971 1485 1506 1142 1630 1698 1077 1672 1137 1480 1038 1455 1434 1442 1989 1797 1430 1317 1567 1694 1858 1517 1581 1800 1223 1466 1996 1727 1555 1337 1505 1503 1416 1871 1280 1179 1958 1074 1885 1256 1153 1369 1643 1578 1265 1743 1049 1706 1065 1449 1142 1484 1324 1638 1432 1316 1616 1734 1783 1457 1226 1819 1445 1742 1102 1857 1818 1344 1900 1350 1876 1916 1352 1750 1961 1183 1407 1463 1527 1363 1395 1874 1561 1355 1199 BCNSPRNW ULIB Ver.6.0+V

เปลี่ยนเป็นภาษาไทย

Change to English
 แสดงรายละเอียดบรรณานุกรม
  กลับหน้าหลัก

Brief Record : Get Marc (ISO 2709) : E-mail record : QR code < ปิดหน้าต่าง
LEADER : 00000nam 2200000uu 4500
001    13399122674
003     ULIB
008    020711s2555 th a 000 0 tha d
020    9786165143264
060  4 WS113^bพ639ก
100    พิชญวดี สุกฤตศิลป์
245    1001 กิจกรรมสร้าง IO และ EQ ให้ลูกเป็นอัจฉริยะ. /^cโดย พิชญวดี สุกฤตศิลป์
250    พิมพ์ครั้งที่ 1
260    กรุงเทพฯ :^bไทยควอลิตี้บุคส์,^c2555
300    336 หน้า
650    เลี้ยงลูก
650    ความฉลาดทางอารมณ์
945    ^p220^l0^i20127
999    ^aทศพร เกษรทอง
รายการนี้ยังไม่มีแท็ก
คุณยังไม่ได้ล็อกอิน คุณสามารถมีกิจกรรมร่วมกับเว็บไซต์ได้ แต่ต้องล็อกอินก่อน ::
  ล็อกอิน

รายการสื่อสารสนเทศ

ลำดับที่ ประเภท เลขเรียก/บาร์โค้ด สถานที่ สถานะ
1. วิทยาศาสตร์การแพทย์ และสุขภาพ
วิทยาศาสตร์การแพทย์ และสุขภาพ
สถานะ=หนังสือเก่า
WS113 พ639ก ฉ.1 
  Barcode: 20127
ห้องสมุดวิทยาเขตนครสวรรค์
►ส่วนจัดเก็บหนังสือเก่า นว.
บนชั้น
  ขอยืม

รายการใกล้เคียง
    ผู้แต่ง [พิชญวดี สุกฤตศิลป์]

    หัวเรื่อง [เลี้ยงลูก]
    หัวเรื่อง [ความฉลาดทางอารมณ์]

BibComment


ยังไม่เคยถูกคอมเมนท์

คอมเมนท์ทรัพยากรรายการนี้
  คอมเมนท์: 1001 กิจกรรมสร้าง..


 Copyright 2026. Bcnsprnw @Library